00283 a2200121 4500001000700000020000600007040001100013100002400024240004900048245004400097362000900141440001100150164425 a  cMagnum aCunha, Luiz Antonio10aEducacao, estado e democracia no brasillING10aEducacao, estado e democracia no brasil0 a1899 1aCortez